Fī uṣūl at-tārīḫ al-ʻUṯmānī

محفوظ في:

المؤلف الرئيسي: Aḥmad ʿAbd-ar-Raḥīm Muṣṭafā.

التنسيق: كتاب

اللغة: Undetermined

منشور في: Bairūt : Dār aš-Šurūq,, 2010.

الموضوعات:

الوسوم: إضافة وسم

لا توجد وسوم, كن أول من يضع وسما على هذه التسجيلة!

رقم الطلب: DR486 .M87

LEADER 00533nam a2200157Ia 4500
008 240329s9999||||xx |||||||||||||| ||und||
020 |a 9789770901335  
050 4 |a DR486 .M87 
100 1 |a Aḥmad ʿAbd-ar-Raḥīm Muṣṭafā. 
245 1 0 |a Fī uṣūl at-tārīḫ al-ʻUṯmānī   |c Aḥmad ʿAbd-ar-Raḥīm Muṣṭafā 
264 1 |a Bairūt :  |b Dār aš-Šurūq,,  |c 2010. 
300 |a 326  |b [3] Seiten Karten  |c 24 CM 
500 |a Bibliographie : pages 321-326  
650 |a  Empire ottoman ; Histoire 
942 |2 lcc  |c BK 
999 |c 57636  |d 57636